5HLuxD.jpg

KING HENRY VIII SENIOR AND PRIMARY SCHOOL LIBRARY OPAC

Wolfie the bunny / (Record no. 1605)

000 -LEADER
fixed length control field 01037cam a2200277 a 4500
001 - CONTROL NUMBER
control field (Sirsi) a898978
003 - CONTROL NUMBER IDENTIFIER
control field OSt
005 - DATE AND TIME OF LATEST TRANSACTION
control field 20230116093931.0
008 - FIXED-LENGTH DATA ELEMENTS--GENERAL INFORMATION
fixed length control field 150612s2015 nyua a 000 1 eng d
020 ## - INTERNATIONAL STANDARD BOOK NUMBER
International Standard Book Number 9780316226141
Qualifying information (hard) :
040 ## - CATALOGING SOURCE
Original cataloging agency DLC
Language of cataloging eng
Transcribing agency DLC
Modifying agency TAE
-- KH8
042 ## - AUTHENTICATION CODE
Authentication code nbic
082 0# - DEWEY DECIMAL CLASSIFICATION NUMBER
Classification number 813.6 DYC
100 1# - MAIN ENTRY--PERSONAL NAME
Personal name Dyckman, Ame.
Relator term author
245 10 - TITLE STATEMENT
Title Wolfie the bunny /
Statement of responsibility, etc. written by Ame Dyckman ; illustrated by Zachariah OHora.
260 ## - PUBLICATION, DISTRIBUTION, ETC.
Place of publication, distribution, etc. New York :
Name of publisher, distributor, etc. Little, Brown and Company,
Date of publication, distribution, etc. c2015.
300 ## - PHYSICAL DESCRIPTION
Extent [34] p. :
Other physical details col. ill. ;
Dimensions 26 cm.
520 ## - SUMMARY, ETC.
Summary, etc. When her parents find a baby wolf on their doorstep and decide to raise him as their own, Dot is certain he will eat them all up until a surprising encounter with a bear brings them closer together.
521 1# - TARGET AUDIENCE NOTE
Target audience note 3-6.
650 #0 - SUBJECT ADDED ENTRY--TOPICAL TERM
Topical term or geographic name entry element Wolves
Form subdivision Juvenile fiction.
650 #0 - SUBJECT ADDED ENTRY--TOPICAL TERM
Topical term or geographic name entry element Rabbits
Form subdivision Juvenile fiction.
650 #0 - SUBJECT ADDED ENTRY--TOPICAL TERM
Topical term or geographic name entry element Animals, Infancy
Form subdivision Juvenile fiction.
650 #0 - SUBJECT ADDED ENTRY--TOPICAL TERM
Topical term or geographic name entry element Adoption
Form subdivision Juvenile fiction.
700 1# - ADDED ENTRY--PERSONAL NAME
Personal name OHora, Zachariah.
Relator term illustrator
942 ## - ADDED ENTRY ELEMENTS (KOHA)
Source of classification or shelving scheme
Koha item type Books - Non Ficton
Holdings
Withdrawn status Lost status Source of classification or shelving scheme Damaged status Not for loan Collection code Permanent Location Current Location Shelving location Date acquired Total Checkouts Full call number Barcode Date last seen Date last checked out Price effective from Koha item type
          Non-Fiction KH8 Primary School Library KH8 Primary School Library Non Fiction 2023-01-16 16 813.6 DYC KHPL000003368 2026-02-24 2026-02-11 2023-01-16 Books - Non Ficton

Powered By KH8 IT Dept